ARRUPE JESUIT UNIVERSITY

CORONAVIRUS -STOP THE SPREAD - CLEAN,DISINFECT,COVER

The origins of infant baptism; (Record no. 118102)

MARC details
000 -LEADER
fixed length control field 01016cam a22002891 4500
001 - CONTROL NUMBER
control field 9855740
003 - CONTROL NUMBER IDENTIFIER
control field ARRUPE
005 - DATE AND TIME OF LATEST TRANSACTION
control field 20130926162746.0
008 - FIXED-LENGTH DATA ELEMENTS--GENERAL INFORMATION
fixed length control field 730605s1963 xx 000 0 eng
010 ## - LIBRARY OF CONGRESS CONTROL NUMBER
LC control number 64000753
015 ## - NATIONAL BIBLIOGRAPHY NUMBER
National bibliography number GB63-19766
035 ## - SYSTEM CONTROL NUMBER
System control number (OCoLC)636028
040 ## - CATALOGING SOURCE
Original cataloging agency DLC
Transcribing agency NhD
Modifying agency Uk
-- DLC
042 ## - AUTHENTICATION CODE
Authentication code premarc
050 00 - LIBRARY OF CONGRESS CALL NUMBER
Classification number BV813.2
Item number .J413 1963
300 ## - PHYSICAL DESCRIPTION
Dimensions 22cm.
100 1# - MAIN ENTRY--PERSONAL NAME
Personal name Jeremias, Joachim,
Dates associated with a name 1900-
9 (RLIN) 1491
245 14 - TITLE STATEMENT
Title The origins of infant baptism;
Remainder of title a further study in reply to Kurt Aland.
Statement of responsibility, etc [Translated by Dorothea M. Barton]
260 ## - PUBLICATION, DISTRIBUTION, ETC. (IMPRINT)
Place of publication, distribution, etc [Naperville, Ill.,
Name of publisher, distributor, etc A.R. Allenson
Date of publication, distribution, etc [1963]
300 ## - PHYSICAL DESCRIPTION
Extent 91p.
490 0# - SERIES STATEMENT
Series statement Studies in historical theology,
Volume number/sequential designation 1
500 ## - GENERAL NOTE
General note Translation of Nochmals: die Anfänge der Kindertaufe.
504 ## - BIBLIOGRAPHY, ETC. NOTE
Bibliography, etc Bibliographical footnotes.
650 #0 - SUBJECT ADDED ENTRY--TOPICAL TERM
Topical term or geographic name as entry element Infant baptism
General subdivision History.
9 (RLIN) 1492
700 1# - ADDED ENTRY--PERSONAL NAME
Personal name Aland, Kurt.
Title of a work Die Säuglingstaufe im Neuen Testament und in der alten Kirche.
9 (RLIN) 1493
906 ## - LOCAL DATA ELEMENT F, LDF (RLIN)
a 7
b cbc
c oclcrpl
d u
e ncip
f 19
g y-gencatlg
942 ## - ADDED ENTRY ELEMENTS (KOHA)
Source of classification or shelving scheme Library of Congress Classification
Koha item type Monograph ( Printed materials)
Holdings
Withdrawn status Lost status Source of classification or shelving scheme Damaged status Not for loan Home library Current library Shelving location Date acquired Total Checkouts Full call number Barcode Date last seen Price effective from Koha item type
    Library of Congress Classification     ARRUPE LIBRARY ARRUPE LIBRARY Main Collection 26/09/2013   BV813.2 .J413 1963 46410100 24/01/2017 26/09/2013 Monograph ( Printed materials)

 

Arrupe Library. PO Box MP320 Mt Pleasant, Harare, Zimbabwe
263 242 745411|librarian@aju.ac.zw